| 000 | 00667nam a2200217Ia 4500 | ||
|---|---|---|---|
| 005 | 20250508170026.0 | ||
| 008 | 008 250505s9999 xx 000 0 eng d | ||
| 020 | _a978-93-528-0611-9 | ||
| 037 | _aReference | ||
| 040 |
_aFEDL _beng _cFEDL |
||
| 041 |
_aeng _2eng |
||
| 084 |
_a001.42, AVI/RR _qFEDL |
||
| 100 |
_aAvineri Neeta _9782770 |
||
| 245 | 0 | _aResearch methods for language teaching: Inquiry, process and synthesis | |
| 260 |
_aLondon, UK _bPalgrave _c2017 |
||
| 300 | _axii, 235p. | ||
| 365 |
_aEURO _b26.99 |
||
| 490 | _aApplied Linguistics for the Language Classroom | ||
| 942 |
_cREF _h001.42, AVI/RR |
||
| 999 |
_c1398750 _d1398750 |
||